000
00305nam a2200121Ia 4500
008
220216s9999 xx 000 0 und d
100
_a
Tan A G
245
0
_a
Polybag rubber I: Raw rubber properties
260
_b
Planters Bulletin
_c
1991
300
_a
15-Mar
650
_a
Polybag collection
942
_c
JS
999
_c
65230
_d
65230